• 首页
  • 本馆介绍
  • 公告通知
  • 最新文献
  • 馆藏检索
  • 电子资源
  • 读者导购
  • 参考咨询
  • 我的图书馆
  • 登录
  • 详细信息显示
  • 放入我的书架
  • 预约/预借图书
  • 作者相关作品
  • 分类相关作品
  • 丛书相关作品
  • 出版社相关作品

书目信息

  • 表格格式
  • 工作单格式
  • 卡片格式
题名:
物理
    
 
作者: ;上海市中等师范学校教材编写组 编
分册: 上册  
出版信息: 上海   上海教育出版社  1979.06
页数: 303页
开本: 20cm
丛书名:
单 册:
中图分类: O4
科图分类:
主题词: 物理学
电子资源:
ISBN:
000 00607nam0 2200205 45
001 0405191643
005 20060718101544.46
010    @dCNY0.61
091    @a7150.119
100    @a20040519d1979 km y0chiy0120 ea
101 0  @achi
200 1  @a物理@AWu Li@h上册@f上海市中等师范学校教材编写组编@FShang Hai Shi Zhong Deng Shi Fan Xue Xiao Jiao Cai Bian Xie Zu Bian
210    @a上海@c上海教育出版社@d1979.06
215    @a303页@d20cm
300    @a上海市中等师范学校教材
606 0  @a物理学
690    @aO4@v4
711 02 @a上海市中等师范学校教材编写组@4编
801    @aCN@bPftUser@c20060718
905    @dO4@e100:1
    
    物理.上册/上海市中等师范学校教材编写组编.-上海:上海教育出版社,1979.06
    303页;20cm
    上海市中等师范学校教材
    
    ISBN :CNY0.61
    
●
相关链接 在E读中查询图书 在五车中查询图书 在当当中查询图书 在豆瓣中查询图书


正题名:物理     索取号:O4/100:1         预约/预借

序号 登录号 条形码 馆藏地/架位号 状态 备注
1 0019296   000389564   第二样本阅览室/ [索取号:O4/100:1] 在馆    
2 0045457   000391793   密集书库/ [索取号:O4/100:1] 在馆    
3 0045458   000391800   第三借阅区/ [索取号:O4/100:1] 在馆    
4 0045459   202310533   密集书库/ [索取号:O4/100:1] 在馆    
5 0431997   204319978   密集书库/ [索取号:O4/100:1] 在馆    
唐山师范学院图书馆 欢迎您!
大连网信软件有限公司© 版权所有